Library of the University of Algiers 3
Ibrahim Sultan Cheibout
شعار جامعة الجزائر 3
مكتبة جامعة الجزائر 3
إبراهيم سلطان شيبوط

اقتصاد المؤسسة / (رقم التسجيلة. 46276)

تفاصيل مارك
000 -LEADER
fixed length control field 01107nam a2200241Ia 4500
003 - CONTROL NUMBER IDENTIFIER
control field Ost
005 - DATE AND TIME OF LATEST TRANSACTION
control field 20260507075801.0
008 - FIXED-LENGTH DATA ELEMENTS--GENERAL INFORMATION
fixed length control field 260507s9999||||xx |||||||||||||| ||und||
020 ## - INTERNATIONAL STANDARD BOOK NUMBER
International Standard Book Number 9961927117
040 ## - CATALOGING SOURCE
Transcribing agency fsecg
041 ## - LANGUAGE CODE
Language code of text/sound track or separate title ara
082 ## - DEWEY DECIMAL CLASSIFICATION NUMBER
Classification number 338.7
100 ## - MAIN ENTRY--PERSONAL NAME
Personal name عدون، ناصر دادي
Relator term مؤلف
245 #0 - TITLE STATEMENT
Title اقتصاد المؤسسة /
Statement of responsibility, etc. ناصر دادي عدون
250 ## - EDITION STATEMENT
Edition statement طبعة 2
260 ## - PUBLICATION, DISTRIBUTION, ETC.
Place of publication, distribution, etc. الجزائر :
Name of publisher, distributor, etc. دار المحمدية العامة,
300 ## - PHYSICAL DESCRIPTION
Extent 353 صفحة؛
Other physical details إيضاحات ؛
Dimensions 22 سم
504 ## - BIBLIOGRAPHY, ETC. NOTE
Bibliography, etc. note بيبليوغرافيا: ص ص.338-346
520 ## - SUMMARY, ETC.
Summary, etc. يهتم بدراسة المؤسسة الاقتصادية تقديم وتصنيف، مدخل نظرية الأنظمة، محيط المؤسسة ومواردها، تجربة المؤسسة العمومية في العالم وفي الجزائر، تنظيم المؤسسة الاقتصادية ووظائف التحكم فيها ، وظائف توفير الموارد والاستغلال.
653 ## - INDEX TERM--UNCONTROLLED
Uncontrolled term الاقتصاد
653 ## - INDEX TERM--UNCONTROLLED
Uncontrolled term المؤسسات العامة
942 ## - ADDED ENTRY ELEMENTS (KOHA)
Koha item type كتب
المقتنيات
Withdrawn status Lost status Source of classification or shelving scheme Damaged status Not for loan Home library Current library Date acquired Serial enumeration / chronology Inventory number Total checkouts Full call number Barcode Date last seen Price effective from Koha item type
    Library of Congress Classification   NOT LOAN / إعارة داخلية مكتبة كلية العلوم الإقتصادية والعلوم التجارية وعلوم التسيير مكتبة كلية العلوم الإقتصادية والعلوم التجارية وعلوم التسيير 07/05/2026 الطابق الأرضي 025.21/528-1   482/025.21ن01 025.21/528-1 07/05/2026 07/05/2026 كتب
    Dewey Decimal Classification   Available مكتبة كلية العلوم الإقتصادية والعلوم التجارية وعلوم التسيير مكتبة كلية العلوم الإقتصادية والعلوم التجارية وعلوم التسيير 07/05/2026 الطابق الأرضي 025.21/528-2   482/025.21ن02 025.21/528-2 07/05/2026 07/05/2026 كتب

موارد الويب المفتوحة


© University of Algiers 3 All Rights Reserved
|
Implemented by LECHELAH Riad